|
|
|
|
| LEADER |
00000nam0a2200000 4500 |
| 001 |
295177 |
| 005 |
20231102000801.0 |
| 035 |
|
|
|a (RuTPU)RU\TPU\book\320254
|
| 090 |
|
|
|a 295177
|
| 100 |
|
|
|a 20150520d1976 k y0rusy50 ca
|
| 101 |
0 |
|
|a rus
|
| 102 |
|
|
|a RU
|
| 105 |
|
|
|a a z 001zy
|
| 200 |
1 |
|
|a Паропаровые теплообменники котлоагрегатов ЗиО
|f Б. Г. Айзен, И. Е. Ромашко, И. А. Сотников
|
| 210 |
|
|
|a Москва
|c Энергия
|d 1976
|
| 215 |
|
|
|a 85 с.
|c ил.
|
| 320 |
|
|
|a Библиогр.: с. 85.
|
| 606 |
|
|
|a Котельные установки
|2 stltpush
|3 (RuTPU)RU\TPU\subj\15977
|9 42172
|
| 610 |
1 |
|
|a теплообменники
|
| 610 |
1 |
|
|a тепловая работа
|
| 610 |
1 |
|
|a пар
|
| 610 |
1 |
|
|a байпасирование
|
| 610 |
1 |
|
|a конструкции
|
| 610 |
1 |
|
|a прочность
|
| 610 |
1 |
|
|a надежность
|
| 610 |
1 |
|
|a изготовление
|
| 610 |
1 |
|
|a монтаж
|
| 610 |
1 |
|
|a ремонт
|
| 675 |
|
|
|a 621.181
|v 3
|
| 700 |
|
1 |
|a Айзен
|b Б. Г.
|g Борух Гершкович
|
| 701 |
|
1 |
|a Ромашко
|b И. Е.
|g Илья Ефимович
|
| 701 |
|
1 |
|a Сотников
|b И. А.
|g Иван Алексеевич
|
| 801 |
|
1 |
|a RU
|b 63413507
|c 20150520
|
| 801 |
|
2 |
|a RU
|b 63413507
|c 20230118
|g RCR
|
| 942 |
|
|
|c BK
|